Пътешествие по границата на България - Statistics

General Stats
  • This quiz has been taken 56 times
  • The average score is 15 of 20
Answer Stats
Country % Correct
Видин
98%
Монтана
94%
София
85%
Перник
83%
Кюстендил
77%
Благоевград
77%
Смолян
75%
Бургас
73%
Варна
73%
Кърджали
71%
Хасково
71%
Русе
71%
Ямбол
69%
Добрич
69%
Силистра
69%
Плевен
67%
Велико Търново
65%
Враца
65%
Монтана
63%
Видин
63%
No matching quizzes found
Score Distribution
Percent of People with Each Score
Percentile by Number Answered
Your Score History
You have not taken this quiz